| 000 | 01986nam a22002417a 4500 | ||
|---|---|---|---|
| 003 | OSt | ||
| 005 | 20260526103433.0 | ||
| 008 | 260522b |||||||| |||| 00| 0 eng d | ||
| 020 | _a9789392400315 | ||
| 040 | _cAL | ||
| 041 | _akan | ||
| 082 |
_a792K _bAKSR |
||
| 100 |
_aAkshara K V _9264572 |
||
| 100 |
_dಅಕ್ಷರ ಕೆ ವಿ _9264402 |
||
| 245 |
_aRanga prayoga _b: ರಂಗ ಪ್ರಯೋಗ |
||
| 260 |
_aSagara _bAkshara Prakashana _c2023 |
||
| 300 |
_a184p _bPB _c24x18cm |
||
| 365 |
_2Kannada _aAM-000007 _b₹296.00 _c₹ _d₹370.00 _e20% _f11-05-2026 |
||
| 520 | _aರಂಗ ಪ್ರಯೋಗ / Ranga Prayoga – ಕೆ.ವಿ. ಅಕ್ಷರ ಅವರ ಒಂದು ಪ್ರಮುಖ ರಂಗಭೂಮಿ ಸಂಬಂಧಿತ ಕೃತಿಯಾಗಿದೆ. ಪ್ರಸ್ತುತ ಪುಸ್ತಕವು ರಂಗ ಅಭಿನಯ, ರಂಗ ತಂತ್ರಗಳು ಮತ್ತು ರಂಗ ಸಿದ್ಧತೆ ಎನ್ನುವ ಮೂರು ಭಾಗಗಳಲ್ಲಿ ರಂಗಭೂಮಿಯ ಪ್ರಾಯೋಗಿಕ ಅಂಗಾಂಶಗಳನ್ನು ಕುರಿತ ಪರಿಚಯಾತ್ಮಕ ಚರ್ಚೆ ನಡೆಸುತ್ತದೆ. ಪ್ರತಿಯೊಂದೂ ರಂಗಾಂಶದ ಐತಿಹಾಸಿಕ ಹಿನ್ನೆಲೆ, ಸಮಕಾಲೀನ ರಂಗಭೂಮಿಯಲ್ಲಿ ಆಯಾ ರಂಗಾಂಶಗಳನ್ನು ಯೋಜಿಸುವ ಮತ್ತು ನಿರ್ವಹಿಸುವ ವಿಧಾನಗಳು ಹಾಗೂ ಆಯಾ ರಂಗಾಂಶದ ವೈವಿಧ್ಯಮಯ ಸಾಧ್ಯತೆ-ಶೈಲಿಗಳು – ಇವುಗಳನ್ನು ಆರಂಭದ ರಂಗಕರ್ಮಿಗಳಿಗೆ ಮತ್ತು ಆಸಕ್ತರಿಗೆ ಉಪಯುಕ್ತವಾಗುವಂತೆ ಇಲ್ಲಿ ನಿರೂಪಿಸಲಾಗಿದೆ. | ||
| 650 |
_aTheatre _9264403 |
||
| 650 |
_aRanga abhinaya rangatantragalu mattu ranga siddhateya parichaya _9264407 |
||
| 942 |
_2ddc _cBK |
||
| 999 |
_c241489 _d241489 |
||